000 01276nam0a22002771 4500
001 v19\rc\1692618
005 20260405225650.0
035 _a(NLR Aleph) 005244638
090 _a5740784
_c5740783
100 _a20061002d1897 |||y0rusy50 ca
101 0 _arus
102 _aRU
105 _aa z |||||
200 1 _aДочь микадо
_eФантаст. балет в 3 д.
_e[Либретто]
_fСоч. В.И. Лангаммер
_gМузыка бар. В.Г. Врангель
_gТанцы и постановка балетмейстера Л.И. Иванова
210 _aСанкт-Петербург
_cтип. имп. Спб. театров
_d1897
215 _a31 с.
_cил.
700 1 _8rus
_7ca
_aЛангаммер
_bВ. И.
_f1848-1910
_gВладимир Иванович
_3RU\NLR\AUTH\77101758
_984684
702 1 _4570
_8rus
_7ca
_aИванов
_bЛ. И.
_cартист балета
_f1834-1901
_gЛев Иванович
_3RU\NLR\AUTH\77103718
_986643
702 1 _aВрангель
_bВ.Г.
_f1862-1901
_gВасилий Георгиевич
_4212
801 0 _aRU
_bNLR
_c20061002
_gpsbo
801 0 _aRU
_bRuMoRGB
_c20061002
_2psbo
801 1 _aRU
_bProSoft-M
_c20061002
_2rusmarc
801 2 _aRU
_bNLR
_c20111007
_2rusmarc
852 _aNLR
_j20.95.6.281
942 _cBOOK
980 _aNB